<?xml version="1.0" encoding="UTF-8"?>
<collection xmlns="http://www.loc.gov/MARC21/slim">
    <record>
        <controlfield tag="001">10609</controlfield>
        <controlfield tag="005">20150325140201.0</controlfield>
        <datafield tag="037" ind1=" " ind2=" ">
            <subfield code="a">TAZ-TFG-2013-141</subfield>
        </datafield>
        <datafield tag="041" ind1=" " ind2=" ">
            <subfield code="a">spa</subfield>
        </datafield>
        <datafield tag="100" ind1="1" ind2=" ">
            <subfield code="a">Gómez Sanz, Andrea Énery</subfield>
        </datafield>
        <datafield tag="245" ind1="0" ind2="0">
            <subfield code="a">Automedicación en usuarios que acuden a la consulta de Enfermería del Centro de Salud Teruel Ensanche durante los meses de febrero y marzo de 2013</subfield>
        </datafield>
        <datafield tag="260" ind1=" " ind2=" ">
            <subfield code="a">Zaragoza</subfield>
            <subfield code="b">Universidad de Zaragoza</subfield>
            <subfield code="c">2013</subfield>
        </datafield>
        <datafield tag="506" ind1=" " ind2=" ">
            <subfield code="a">by-nc-sa</subfield>
            <subfield code="b">Creative Commons</subfield>
            <subfield code="c">3.0</subfield>
            <subfield code="u">http://creativecommons.org/licenses/by-nc-sa/3.0/</subfield>
        </datafield>
        <datafield tag="520" ind1=" " ind2=" ">
            <subfield code="a">Objetivo: conocer la prevalencia de automedicación en los pacientes que asisten a la consulta de Enfermería del Centro de Salud Teruel Ensanche y cuales son los fármacos que más utilizan para su automedicación. Metodología: estudio descriptivo transversal basado en una encuesta que se realizó a los pacientes que asistieron a la consulta de enfermería durante los meses de febrero y marzo de 2013. Hubo un total de 77 encuestados. Las variables que se estudiaron fueron sociodemográficas (sexo, edad y nacionalidad) y otras referidas al estudio: automedicación con distintos grupos de medicamentos, número de fármacos automedicados y automedicación positiva o negativa. Resultados: el 70,1% de los encuestados se automedicaron con al menos un fármaco. El grupo de edad más mayor (>65 años) son los que menos automedicación muestran. Los grupos farmacológicos más utilizados para la automedicación son los fármacos para el dolor (41,6% de los encuestados los utilizaron), los antigripales (33,8%), para bajar la fiebre (15,6%) y los productos naturistas (14,3%). Los fármacos para el corazón, la hipertensión arterial, antidepresivos o antidiabéticos no fueron utilizados para la automedicación por ninguno de los encuestados. Conclusiones: la automedicación irresponsable es una práctica negativa llevada a cabo por un porcentaje elevado de la población. Es por ello que el personal de enfermería, además de otros grupos de personal sanitario, deben advertir de los riesgos que conlleva y educar a la población para que deje de hacerlo.</subfield>
        </datafield>
        <datafield tag="521" ind1=" " ind2=" ">
            <subfield code="a">Graduado en Enfermería</subfield>
        </datafield>
        <datafield tag="540" ind1=" " ind2=" ">
            <subfield code="a">Derechos regulados por licencia Creative Commons</subfield>
        </datafield>
        <datafield tag="700" ind1=" " ind2=" ">
            <subfield code="a">Rodilla Calvelo, Francisco</subfield>
            <subfield code="e">dir.</subfield>
        </datafield>
        <datafield tag="710" ind1="2" ind2=" ">
            <subfield code="a">Universidad de Zaragoza</subfield>
            <subfield code="b"> </subfield>
            <subfield code="c"></subfield>
        </datafield>
        <datafield tag="856" ind1="0" ind2=" ">
            <subfield code="f">609557@celes.unizar.es</subfield>
        </datafield>
        <datafield tag="856" ind1="4" ind2=" ">
            <subfield code="s">570127</subfield>
            <subfield code="u">http://zaguan.unizar.es/record/10609/files/TAZ-TFG-2013-141.pdf</subfield>
            <subfield code="y">Memoria (spa)</subfield>
        </datafield>
        <datafield tag="909" ind1="C" ind2="O">
            <subfield code="o">oai:zaguan.unizar.es:10609</subfield>
            <subfield code="p">trabajos-fin-grado</subfield>
            <subfield code="p">driver</subfield>
        </datafield>
        <datafield tag="950" ind1=" " ind2=" ">
            <subfield code="a"></subfield>
        </datafield>
        <datafield tag="980" ind1=" " ind2=" ">
            <subfield code="a">TAZ</subfield>
            <subfield code="b">TFG</subfield>
            <subfield code="c">ENFTER</subfield>
        </datafield>
    </record>

    
</collection>